000 00299nam a22001337a 4500
003 SGT
082 _a617.7
_bE06G
100 _aGREHN, FRANZ
245 _aESSENTIALS IN OPHTHALMOLOGY GLAUCOMA
260 _aNEW YORK
_bSPRINGER
_c2006
300 _a193
650 _aOPHTHALMOLOGY
942 _2ddc
_cBK
999 _c14558
_d14558